2021 Formula One World Championship Quiz - Statistics

General Stats
  • This quiz has been taken 148 times
  • The average score is 10 of 15
Answer Stats
Hint Answer % Correct
Who won the drivers world championship? Max Verstappen
100%
At which race was the championship decided? Etihad Airways Abu Dhabi Grand Prix
95%
How many different drivers won a race during the season? 6
93%
Who is replacing Antonio Giovinazzi for the 2022 season? Guanyu Zhou
91%
How many different engine manufacturers provided engines this season? 4
90%
Who won the Heineken Gran Premio D'Italia? Daniel Ricciardo
80%
Name any of the new Grand Prix on the calendar this year STC Saudi Arabian Grand PrixOOREDOO Qatar Grand Prix
74%
Which driver is sponsored by Estrella Galicia? Carlos Sainz
66%
Who was the FIA Race Director for every race? Michael Masi
66%
At the Heineken Grande Prêmio De São Paulo, Max Verstappen was fined for touching Lewis Hamilton's rear wing in the Parc Ferme. How much was he fined? €50000
56%
Which team did Amazon Web Services (AWS) announce a partnership with mid-season? Ferrari
55%
Who finished the championship in 20th place? Robert Kubica
52%
Who was the title sponsor of Haas? Uralkali
47%
Who is team principal of McLaren? Andreas Seidl
42%
Sebastian Vettel won the brand new most overtakes award but who is the sponsor of the award? Crypto.com
17%
No matching quizzes found
Score Distribution
Percent of People with Each Score
Percentile by Number Answered
Your Score History
You have not taken this quiz